000 00803cab a2200229 4500
001 WB2904-68
008 090401t1993 xxu||||| |||| 00| 0 eng d
035 _a(Sirsi) u38619
041 _aeng
245 _aGreen belt
260 _c1993
350 _a0
490 _aEstates Gazette Case Summaries
_v1993 EGCS 2(2) 25 January 1993
520 _aDiscusses "Martin Grant Homes Ltd v SoS for the Environment and another", QBD 13 January 1993, which considered a presumption against inappropriate development in the Green Belt.
650 _aGREEN BELT
650 _aINAPPROPRIATE DEVELOPMENT
650 _aPLANNING POLICY GUIDANCE NOTE 2 (GREEN BELTS)
650 _aTOWN AND COUNTRY PLANNING ACT 1990 S78
690 _aPLANNING LAW AND PRACTICE-CASE LAW
942 _n0
948 _c04/03/1997
999 _c24817
_d24817